[Event "RUS-ch Seniors"]
[Site "Lesnoj Gorodok"]
[Date "2009.10.05"]
[Round "3"]
[White "Karasev, Vladimir I"]
[Black "Kudriashov, Yuri"]
[Result "1-0"]
[WhiteElo "2375"]
[BlackElo "2228"]
[PlyCount "113"]
[EventDate "2009.10.03"]
[EventType "swiss"]
[EventRounds "9"]
[EventCountry "RUS"]
[SourceTitle "CBM 132 Extra"]
[Source "ChessBase"]
[SourceDate "2009.11.03"]
[SourceVersion "1"]
[SourceVersionDate "2009.11.03"]
[SourceQuality "1"]

1. d4 Nf6 2. c4 e6 3. Nc3 Bb4 4. e3 0-0 5. Nge2 d5 6. a3 Be7 7. cxd5 exd5 8. Nf4 c6 9. Be2 a5 10. 0-0 Na6 11. Bd2 Nc7 12. Nd3 Ne4 13. Be1 Bd6 14. Ne5 Qe7 15. Nxe4 dxe4 16. Nc4 Nd5 17. Nxd6 Qxd6 18. Bc4 Be6 19. Rc1 Rfe8 20. Bd2 a4 21. Qh5 g6 22. Qh4 Bd7 23. Bxd5 cxd5 24. Bb4 Qe6 25. Rc7 b6 26. f4 Qg4 27. Qxg4 Bxg4 28. h3 Be6 29. g4 f5 30. g5 Rac8 31. Rfc1 Rxc7 32. Rxc7 Rc8 33. Re7 Rc6 34. Kf2 Bf7 35. Rd7 Be8 36. Bc3 Rc8 37. Rb7 Rc6 38. Ke1 b5 39. Kd2 Rd6 40. Bb4 Rd8 41. Bc5 Bc6 42. Rc7 Be8 43. Re7 Bc6 44. Kc3 Re8 45. Rc7 Re6 46. Kb4 Be8 47. Rb7 Bc6 48. Ra7 Be8 49. h4 Bc6 50. Ka5 Be8 51. Ra8 Kf7 52. Rd8 Bc6 53. Rf8+ Kg7 54. Rc8 Be8 55. Rd8 Bc6 56. Rb8 Be8 57. Rc8 1-0

[Event "RUS-ch Seniors"]
[Site "Odintsovo"]
[Date "2008.10.02"]
[Round "1"]
[White "Kudriashov, Yuri"]
[Black "Chishikhin, Valery"]
[Result "1-0"]
[WhiteElo "2242"]
[BlackElo "1993"]
[PlyCount "51"]
[EventDate "2008.10.02"]
[EventType "swiss"]
[EventRounds "9"]
[EventCountry "RUS"]
[SourceTitle "CBM 127 Extra"]
[Source "ChessBase"]
[SourceDate "2009.01.08"]
[SourceVersion "2"]
[SourceVersionDate "2009.01.28"]
[SourceQuality "1"]

1. e4 d6 2. d4 Nd7 3. Nf3 c6 4. Bd3 e5 5. 0-0 exd4 6. Nxd4 Ne5 7. Nc3 Bg4 8. Be2 h5 9. h3 Qh4 10. f4 Bxe2 11. Qxe2 Nd7 12. Be3 Qe7 13. Rac1 g6 14. Qd2 Nb6 15. Qd3 Bg7 16. Nf3 Nh6 17. Bd4 0-0 18. f5 Nd7 19. Qd2 Ne5 20. Nxe5 dxe5 21. Be3 Rfd8 22. Qe1 gxf5 23. exf5 Rd6 24. Ne4 Rd4 25. Bxd4 exd4 26. f6 1-0